01089nam a22002537a 450000500170000001000130001702000220003003500130005203700160006504000120008108200360009310000470012924501380017624600710031426000710038527001020045630000550055850000610061365000370067465000510071165000170076265000240077970000320080320170124103130.0 aB-148641 c400.00a817056297 aB-148641 bCen Lib/Ret aDPLbHN a323.0954bचतुर्वे aचतुर्वेदी, अरुण  aभारत में मानव अधिकार /cअरुण चतुर्वेदी [और] संजय लोढा aBharat mein manav adhikar /bby Arun Chaturvedi [aur] Sanjay Lodha aजयपुर bपंचशील प्रकाशन c2005 aफिल्म कॉलोनी, चौड़ा रास्ता bजयपुर e302003 avi,238पृ. c21सेमी(सजिल्द) aअनुक्रमणिका शामिल  aमानव अधिकार  aमानव अधिकार--भारत  aHuman Rights aHuman Rights--India aलोढा, संजय